Pension Reform in Belgium

Na minha lista:
Detalhes bibliográficos
Autor principal: Callatay, Etienne de
Outros Autores: Turtelboom, Bart
Formato: Livro
Idioma:inglês
Publicado em: Washington International Monetary Fund 1996
Edição:1. ed.
Colecção:IMF Working Paper 74
Assuntos:
Tags: Adicionar Tag
Sem tags, seja o primeiro a adicionar uma tag!

MARC

LEADER 00000nam a2200000 4500
001 c017451
005 20221205125529.5
041 0 |a eng 
044 |a US 
245 1 0 |a Pension Reform in Belgium  |c Etienne de Callatay, Bart Turtelboom 
250 |a 1. ed. 
264 1 |a Washington  |b International Monetary Fund  |c 1996 
300 |a 39 s. 
490 1 |a IMF Working Paper  |v 74 
830 0 |a IMF Working Paper  |v 74 
610 2 0 |a penzie 
610 2 0 |a zabezpečenie dôchodkové 
610 2 0 |a zmeny organizačné 
610 2 0 |a politika poistná 
610 2 0 |a Belgicko 
100 1 |a Callatay, Etienne de 
700 1 |a Turtelboom, Bart